Datum a čas kvízu

36 Celkem bodů Celkový počet nahraných bodů na tomto kvízu bez doplňovacích otázek.
3. Pořadí na kvízu Konečné umístění týmu na tomto kvízu.

Zaznamenané odpovědi

# Otázka Odpověď Body Výsledky
1. Na silnicích poblíž Červenohor... D) motocyklistům 1
2. Vláda dalšího evropského státu... Velká Británie 0
3. Minulý týden se konal Benátský... Jude Law 1
4. Česká pobočka streamovací služ... Wednesday; Ivan Mládek 1
5. Předseda představenstva klubu... Josef Bican 1
6. Přiřaďte následující ceny k di... 1A 2C 3B 4D 1
7. Kromě jedné kategorie jsou vše... za mír 1
8. Nyní se podíváme na ironické o... Darwinovy ceny 1
9. Jak se nazývá prestižní americ... Pulitzerova cena 1
10. Přiřaďte tyto individuální cen... 1B 2C 3D 4A 1